| 000 | 00000ngm 2200000za 4500 |
| 001 | 9.845520 |
| 003 | CaOODSP |
| 005 | 20240405085501 |
| 006 | m o c f |
| 007 | cr cna|||a|||| |
| 008 | 171013s2016 onc039 fo vleng d |
| 040 | |aCaOODSP|beng |
| 043 | |an-cn--- |
| 086 | 1 |aRv4-101/2016E-MP4 |
| 245 | 00|aHow to deduct, remit and report payroll source deductions |h[electronic resource] / |cCanada Revenue Agency. |
| 260 | |a[Ottawa] : |bCanada Revenue Agency, |c2016. |
| 300 | |a1 streaming video (38 min., 40 sec.) : |bsd., col. |
| 500 | |aIssued also in French under title: Comment retenir, verser et déclarer les retenues à la source. |
| 500 | |aTitle from title screen. |
| 500 | |a"November 2016." |
| 520 | |a"This webinar is about employers' responsibilities for payroll source deductions. It provides employers with step-by-step instructions on how to report source deductions and how to fill out the required slips and summaries"--Provided by publisher. |
| 538 | |aSystem requirements: Windows Media Player. |
| 538 | |aMode of access: World Wide Web. |
| 692 | 07|2gccst|aBusinesses |
| 692 | 07|2gccst|aSalaries |
| 692 | 07|2gccst|aTax credits |
| 710 | 2 |aCanada Revenue Agency. |
| 775 | 08|tComment retenir, verser et déclarer les retenues à la source |w(CaOODSP)9.845521 |
| 856 | 40|qMP4|s138.17 MB|uhttps://publications.gc.ca/collections/collection_2017/arc-cra/Rv4-101-2016-eng.mp4 |